000 00748nam a2200253 a 4500
003 CO-ViMGA
005 20230915233130.0
008 130122s2012 pe gr 0001f spa d
020 _z9786124070891
040 _aCO-ViMGA
_bspa
_cCO-ViMGA
043 _ae-sp---
082 0 4 _aPe863.6
_bC83h
_219
100 1 _aCueto, Alonso,
_d1954-
_93265
245 1 3 _aLa hora azul /
_cAlonso Cueto.
260 _aLima :
_bEditorial Planeta,
_c2012.
300 _a299 p. ;
_c23 cm.
490 0 _aAutores Españoles e Iberoamericanos
500 _aIncluye cronología.
650 1 4 _aAbogados
_v Novela.
_93266
650 1 4 _aNovela española.
_9801
650 1 4 _aPadres e hijos
_v Novela.
_93238
650 1 4 _aSecretos
_v Novela.
_92230
942 _2ddc
_cBK
999 _c35461
_d35461